000 00665cam a2200241 4500500
005 20260405000934.0
041 _afre
042 _adc
100 1 0 _aDuru, Martin
_eauthor
245 0 0 _aMichel Foucault. Le dissident
260 _c2010.
500 _a92
690 _aExistentialisme
690 _aFolie
690 _aMarxisme
690 _aMichel Foucault
690 _aMilitance
690 _aPouvoir
690 _aPrison
690 _aSexualité
786 0 _nPhilosophie magazine | 40 | 6 | 2010-06-01 | p. 31-32 | 1951-1787
856 4 1 _uhttps://shs.cairn.info/magazine-philosophie-magazine-2010-6-page-31?lang=fr&redirect-ssocas=7080
999 _c2042377
_d2042377